The Hacker Playbook 3: Practical Guide To Penetration Testing
| 主要作者: | |
|---|---|
| 格式: | 未知 |
| 出版: |
Independently published
2018
|
| LEADER | 00235 a2200085 4500 | ||
|---|---|---|---|
| 020 | |a 9781980901754 | ||
| 100 | |a Peter Kim | ||
| 245 | |a The Hacker Playbook 3: Practical Guide To Penetration Testing | ||
| 260 | |b Independently published |c 2018 | ||
| 999 | |c 42323 |d 42323 | ||